Repossessions Group (Record no. 109707)

MARC details
000 -LEADER
fixed length control field 01836cad a22002655a 4500
001 - CONTROL NUMBER
control field E147725
008 - FIXED-LENGTH DATA ELEMENTS--GENERAL INFORMATION
fixed length control field 090609s2009 xxk f s000 0 eng d
020 ## - INTERNATIONAL STANDARD BOOK NUMBER
International Standard Book Number 9780755990306
035 ## - SYSTEM CONTROL NUMBER
System control number (Sirsi) u147725
041 0# - LANGUAGE CODE
Language code of text/sound track or separate title eng
050 04 - LIBRARY OF CONGRESS CALL NUMBER
Classification number 306.1 $2 18
110 2# - MAIN ENTRY--CORPORATE NAME
Corporate name or jurisdiction name as entry element Repossessions Group
9 (RLIN) 5747
245 00 - TITLE STATEMENT
Title Repossessions Group
Remainder of title final report
Medium [electronic resource]
260 ## - PUBLICATION, DISTRIBUTION, ETC.
Place of publication, distribution, etc. Edinburgh
Name of publisher, distributor, etc. Scottish Government
Date of publication, distribution, etc. 2009
505 2# - FORMATTED CONTENTS NOTE
Formatted contents note Executive Summary -- Introduction -- Free independent advice for those facing financial difficulties -- Government mortgage support schemes for those facing repossession -- Action by lenders to help those in financial difficulty and to avoid cases going to court -- Measures to help those faced with a repossession order or those appearing in court -- Legislative protection -- Other action that could be taken by Government and others -- Conclusion and summary of recommendations -- Annex A: Repossessions Group remit, membership, and meeting dates -- Annex B: UK/Scotland repossession statistics
520 ## - SUMMARY, ETC.
Summary, etc. Presents the findings of the Repossessions Group, which was established by the Scottish Government to look at whether current legal protection for those at risk of repossession is adequate, and to make recommendations for any changes thought to be necessary. Also considers ways in which the Scottish Government, the UK Government and other organisations can further help homeowners at risk of repossession.
521 ## - TARGET AUDIENCE NOTE
Target audience note Advanced
590 ## - LOCAL NOTE (RLIN)
Local note KA
650 24 - SUBJECT ADDED ENTRY--TOPICAL TERM
Topical term or geographic name entry element MORTGAGE RIGHTS (SCOTLAND) ACT 2001
650 24 - SUBJECT ADDED ENTRY--TOPICAL TERM
Topical term or geographic name entry element CONVEYANCING AND FEUDAL REFORM (SCOTLAND) ACT 1970
651 #4 - SUBJECT ADDED ENTRY--GEOGRAPHIC NAME
Geographic name Scotland
Chronological subdivision 1999-
690 ## - LOCAL SUBJECT ADDED ENTRY--TOPICAL TERM (OCLC, RLIN)
Topical term or geographic name as entry element Residential property
9 (RLIN) 6266
856 40 - ELECTRONIC LOCATION AND ACCESS
Uniform Resource Identifier <a href="https://www.scotland.gov.uk/Publications/2009/06/08164837/0">https://www.scotland.gov.uk/Publications/2009/06/08164837/0</a>
Public note View the report free of charge at www.scotland.gov.uk...
942 ## - ADDED ENTRY ELEMENTS (KOHA)
Suppress in OPAC 0
Holdings
Withdrawn status Lost status Source of classification or shelving scheme Damaged status Not for loan Home library Current library Shelving location Date acquired Total Checkouts Full call number Barcode Date last seen Copy number Price effective from Koha item type
    Dewey Decimal Classification     Virtual Virtual Online 09/06/2009   ONLINE PUBLICATION 147725-2001 06/08/2019 1 06/08/2019 Book